Vrcholové riadenie a čo ďalej?
Výsledky práce našich doterajších vlád po roku 1989. Chyby slovenskej privatizácie. Revízia privatizačných rozhodnutí. Potreba stanovenia stratégie vývoja spoločnosti. Dôležitosť vstupu Slovenska do Európskej únie.
Uložené v:
| Hlavný autor: | |
|---|---|
| Médium: | Kniha |
| Jazyk: | Slovak |
| Predmet: | |
| Tagy: |
Žiadne tagy, Buďte prvý, kto otaguje tento záznam!
|
MARC
| LEADER | 00000nam a2200000 4500 | ||
|---|---|---|---|
| 001 | r030106 | ||
| 005 | 20230824094546.6 | ||
| 041 | 0 | |a slo | |
| 044 | |a SK | ||
| 245 | 1 | 0 | |a Vrcholové riadenie a čo ďalej? |c H. Ďurkovič |
| 520 | |a Výsledky práce našich doterajších vlád po roku 1989. Chyby slovenskej privatizácie. Revízia privatizačných rozhodnutí. Potreba stanovenia stratégie vývoja spoločnosti. Dôležitosť vstupu Slovenska do Európskej únie. | ||
| 610 | 2 | 0 | |a riadenie vrcholové |
| 610 | 2 | 0 | |a moc výkonná |
| 610 | 2 | 0 | |a vláda |
| 610 | 2 | 0 | |a privatizácia |
| 610 | 2 | 0 | |a korupcia |
| 610 | 2 | 0 | |a Slovensko |
| 610 | 2 | 0 | |a 1989-1998 |
| 100 | 1 | |a Ďurkovič, H. | |